000 00608nam a22001817a 4500
008 150930b xxu||||| |||| 00| 0 eng d
020 _a0865715351
041 0 _aeng
080 _a307.1
100 1 _aRoseland, Mark.
245 1 0 _aToward sustainable communities :
_cMark Roseland ; with Sean Connelly ... [et al.] ; foreword by Jeb Brugmann.
250 _aRev ed.
260 _aGabriola Island, BC :
_bNew Society Publishers,
_c2005.
300 _axvi, 239 f. :
_bme il.;
_c23 cm.
650 0 _aPlanifikimi i qytetit
650 0 _aMjedisi
942 _2udc
_cBK
999 _c1197
_d1197